500店舗以上のショッピングチェーン - Statistics

General Stats
  • This quiz has been taken 242 times
  • The average score is 30 of 95
Answer Stats
ジャンル チェーン名 % Correct
コンビニ セブンイレブン
98%
ファミリーマート
97%
ローソン
96%
ミニストップ
83%
100均/ワンプライス DAISO
79%
セイコーマート
75%
Seria
71%
デイリーヤマザキ
70%
イオン
68%
マツモトキヨシ
66%
家電量販 ヤマダ電機
64%
ニトリ
61%
家具 ニトリ
61%
紳士服 洋服の青山
60%
カーディーラー トヨタ
60%
ユニクロ
59%
キャンドゥ
55%
日産
55%
ホンダ
54%
シューズ ABCマート
52%
ケーズデンキ
51%
スギ薬局
50%
子供用品 西松屋
50%
スズキ
49%
めがね 眼鏡市場
48%
アパレル しまむら
47%
ダイハツ
47%
AOKI
46%
ドラッグストア ウエルシア
45%
ブックオフ
45%
マツダ
45%
TSUTAYA
43%
ツルハドラッグ
42%
スバル
42%
まいばすけっと
41%
まいばすけっと
41%
コーナン
38%
ココカラファイン
36%
エディオン
36%
オートバックス
33%
ホームセンター コメリ
32%
JINS
31%
セカンドストリート
29%
東京靴流通センター
29%
サンドラッグ
28%
ドンキホーテ
28%
リサイクルショップ ゲオ
28%
音楽CD ゲオ
28%
DCM
28%
NEWDAYS
28%
無印良品
27%
雑貨/アクセサリ 無印良品
27%
カー用品 イエローハット
27%
はるやま
26%
ワッツ
25%
マックスバリュ
24%
コナカ
24%
ローソンストア100
24%
ローソンストア100
24%
三菱自動車
21%
クスリのアオキ
19%
業務スーパー
16%
ディスカウント 業務スーパー
16%
セイムス
15%
金券/買取専門 おたからや
12%
コスモス薬品
11%
パリミキ
11%
買取大吉
9%
ハイブランド CHANEL
7%
COACH
7%
ハニーズ
5%
全日食チェーン
4%
ギフトショップ サラダ館
4%
CREATE
4%
スーツセレクト
2%
ミスタータイヤマン
2%
カルディ
1%
ワークマンプラス
1%
タカキュー
1%
東京シャツ
1%
まちの電気屋さん パナソニックの店
1%
日立チェーンストール
1%
三菱電機
1%
PC/スマホ ゲオモバイル
1%
DIOR
1%
POLA
1%
バッグ SAC'S BAR
1%
THREEPPY
1%
THREEPPY
1%
書店 TSUTAYA BOOK
1%
ARMANI
0%
GRAN SAC'S
0%
スーパー JA直売所
0%
コスメ MENARD
0%
時計 THE CLOCK HOUSE
0%
No matching quizzes found
Score Distribution
Percent of People with Each Score
Percentile by Number Answered
Your Score History
You have not taken this quiz